000 00239nam a22000857a 4500
008 160705b xxu||||| |||| 00| 0 eng d
100 _92096
_a Manokaran, J
245 _aSunflowers and Butterflies
260 _aNew Delhi
_bNational Book Trust
_c1993
999 _c1791
_d1791